Loading...
Financial management /
| Main Author: | |
|---|---|
| Format: | Printed Book |
| Language: | English |
| Published: |
ELBS,
1990.
|
| LEADER | 00436nam a2200133Ia 4500 | ||
|---|---|---|---|
| 008 | 150624b xxu||||| |||| 00| 0 eng d | ||
| 082 | |a 658.91332 | ||
| 100 | |a Pandey, I. M. | ||
| 245 | |a Financial management / |c I. M. Pandey | ||
| 260 | |b ELBS, |c 1990. | ||
| 300 | |a 643 p. | ||
| 942 | |c TXT | ||
| 999 | |c 43805 |d 43805 | ||
| 952 | |0 0 |1 0 |4 0 |6 658_913320000000000_PAN_F_T |7 0 |9 43797 |a UL |b UL |c Ref2 |d 1998-09-24 |l 0 |o 658.91332 PAN/F T |p 64439 |r 2012-10-27 |w 2012-10-27 |y TXT | ||